Empty Map of Catalonia - Statistics

General Stats
  • This quiz has been taken 456 times
  • The average score is 32 of 42
Answers on the Map
Answers color-coded by a green-red scale on the quiz's map according to % correct below.
 
Answer Stats
Zona Capital Comarca % Correct
Litoral Barcelona Barcelonès
94%
Interior Girona Gironès
92%
Litoral Tarragona Tarragonès
91%
Litoral Mataró Maresme
90%
Litoral Figueres Alt Empordà
88%
Interior Terrassa Vallès Occidental
88%
Litoral la Bisbal Baix Empordà
87%
Interior Granollers Vallès Oriental
87%
Muntanya Vielha Vall d'Aran
86%
Litoral Sant Feliu de Llobregat Baix Llobregat
84%
Interior Vic Osona
82%
Muntanya Ripoll Ripollès
82%
Muntanya Puigcerdà Cerdanya
81%
Litoral Santa Coloma de Farners Selva
81%
Interior Vilafranca Alt Penedès
79%
Litoral el Vendrell Baix Penedès
79%
Muntanya Berga Berguedà
79%
Muntanya Olot Garrotxa
78%
Interior Lleida Segrià
78%
Interior Tàrrega Urgell
78%
Muntanya Seu d'Urgell Alt Urgell
77%
Muntanya Tremp Pallars Jussà
77%
Muntanya Sort Pallars Sobirà
77%
Interior Solsona Solsonès
77%
Interior Valls Alt Camp
76%
Interior Moià Moianès
76%
Interior Igualada Anoia
75%
Interior Manresa Bages
75%
Litoral Vilanova i la Geltrú Garraf
75%
Interior Balaguer Noguera
75%
Interior Banyoles Pla de l'Estany
75%
Litoral Reus Baix Camp
74%
Muntanya Pont de Suert Alta Ribagorça
72%
Litoral Tortosa Baix Ebre
72%
Litoral Amposta Montsià
71%
Interior Gandesa Terra Alta
68%
Interior Mollerussa Pla d'Urgell
65%
Interior Falset Priorat
65%
Interior Cervera Segarra
61%
Interior Móra d'Ebre Ribera d'Ebre
60%
Interior Montblanc Conca de Barberà
59%
Interior Les Borges Blanques Garrigues
57%
No matching quizzes found
Score Distribution
Percent of People with Each Score
Percentile by Number Answered
Your Score History
You have not taken this quiz